Der boshafte Schöpfer dieser Welt hat es so eingerichtet (...)": Carl Schmitts gnostischer Dualismus
| Main Author: | |
|---|---|
| Format: | Electronic Article |
| Language: | German |
| Check availability: | HBZ Gateway |
| Interlibrary Loan: | Interlibrary Loan for the Fachinformationsdienste (Specialized Information Services in Germany) |
| Published: |
2004
|
| In: |
Zeitschrift für Kirchengeschichte
Year: 2004, Volume: 115, Issue: 3, Pages: 347-381 |
| Standardized Subjects / Keyword chains: | B
Schmitt, Carl 1888-1985
/ Political theology
/ Dualism
|
| IxTheo Classification: | FD Contextual theology KAJ Church history 1914-; recent history KDB Roman Catholic Church |
| Further subjects: | B
Creation
B Schmitt, Carl (1963-) B Dualism B Gnosis |
| Online Access: |
Volltext (kostenfrei) |
| Parallel Edition: | Non-electronic
|
MARC
| LEADER | 00000caa a22000002c 4500 | ||
|---|---|---|---|
| 001 | 1900550121 | ||
| 003 | DE-627 | ||
| 005 | 20250823172239.0 | ||
| 007 | cr uuu---uuuuu | ||
| 008 | 240829s2004 xx |||||o 00| ||ger c | ||
| 024 | 7 | |a 10.60861/zkg.v115i3.64785 |2 doi | |
| 035 | |a (DE-627)1900550121 | ||
| 035 | |a (DE-599)KXP1900550121 | ||
| 040 | |a DE-627 |b ger |c DE-627 |e rakwb | ||
| 041 | |a ger | ||
| 084 | |a 1 |2 ssgn | ||
| 100 | 1 | |e VerfasserIn |0 (DE-588)1038619858 |0 (DE-627)766246078 |0 (DE-576)392675838 |4 aut |a Groh, Ruth |d 1934-2021 | |
| 109 | |a Groh, Ruth 1934-2021 | ||
| 245 | 1 | 4 | |a Der boshafte Schöpfer dieser Welt hat es so eingerichtet (...)" |b Carl Schmitts gnostischer Dualismus |
| 264 | 1 | |c 2004 | |
| 336 | |a Text |b txt |2 rdacontent | ||
| 337 | |a Computermedien |b c |2 rdamedia | ||
| 338 | |a Online-Ressource |b cr |2 rdacarrier | ||
| 506 | |a [DE-21]Open Access |e Controlled Vocabulary for Access Rights |u http://purl.org/coar/access_right/c_abf2 | ||
| 533 | |a Reproduktion |d 2023 |7 |2023|||||||||| | ||
| 540 | |a [DE-21]Urheberrechtsschutz 1.0 |2 rs |u https://rightsstatements.org/page/InC/1.0/?language=en | ||
| 600 | 1 | 7 | |0 (DE-588)108983506X |0 (DE-627)853639779 |0 (DE-576)460504339 |a Schmitt, Carl |d 1963- |2 gnd |
| 650 | 0 | 7 | |0 (DE-588)4053163-6 |0 (DE-627)106168487 |0 (DE-576)209102330 |a Schöpfung |2 gnd |
| 650 | 0 | 7 | |0 (DE-588)4130223-0 |0 (DE-627)105704148 |0 (DE-576)209617152 |a Dualismus |2 gnd |
| 650 | 0 | 7 | |0 (DE-588)4021391-2 |0 (DE-627)104571888 |0 (DE-576)208937544 |a Gnosis |2 gnd |
| 652 | |a FD:KAJ:KDB | ||
| 689 | 0 | 0 | |d p |0 (DE-588)11860922X |0 (DE-627)060862483 |0 (DE-576)162939353 |2 gnd |a Schmitt, Carl |d 1888-1985 |
| 689 | 0 | 1 | |d s |0 (DE-588)4046562-7 |0 (DE-627)106197614 |0 (DE-576)209070072 |2 gnd |a Politische Theologie |
| 689 | 0 | 2 | |d s |0 (DE-588)4130223-0 |0 (DE-627)105704148 |0 (DE-576)209617152 |2 gnd |a Dualismus |
| 689 | 0 | |5 (DE-627) | |
| 773 | 0 | 8 | |i Enthalten in |t Zeitschrift für Kirchengeschichte |d Stuttgart : Kohlhammer, 1877 |g 115(2004), 3, Seite 347-381 |w (DE-627)1047579340 |w (DE-600)2958571-5 |w (DE-576)51668549X |7 nnas |
| 773 | 1 | 8 | |g volume:115 |g year:2004 |g number:3 |g pages:347-381 |
| 776 | 0 | 8 | |i Elektronische Reproduktion von |a Groh, Ruth, 1934 - 2021 |t Der boshafte Schöpfer dieser Welt hat es so eingerichtet (...)" |d 2004 |w (DE-627)582362954 |w (DE-576)466453167 |k Non-Electronic |
| 856 | 4 | 0 | |u https://doi.org/10.60861/zkg.v115i3.64785 |x Digitalisierung |z kostenfrei |3 Volltext |7 0 |
| 935 | |a mteo |a BIIN |a DTH5 | ||
| 935 | |i Blocktest | ||
| 951 | |a AR | ||
| BIB | |a 1 | ||
| ELC | |a 1 | ||
| LOK | |0 000 xxxxxcx a22 zn 4500 | ||
| LOK | |0 001 4572680108 | ||
| LOK | |0 003 DE-627 | ||
| LOK | |0 004 1900550121 | ||
| LOK | |0 005 20240829170500 | ||
| LOK | |0 008 240829||||||||||||||||ger||||||| | ||
| LOK | |0 040 |a DE-Tue135 |c DE-627 |d DE-Tue135 | ||
| LOK | |0 092 |o n | ||
| LOK | |0 852 |a DE-Tue135 | ||
| LOK | |0 852 1 |9 00 | ||
| LOK | |0 935 |a ixzs | ||
| LOK | |0 936ln |0 1442044071 |a FD | ||
| LOK | |0 936ln |0 1442049839 |a KDB | ||
| LOK | |0 936ln |0 1442044640 |a KAJ | ||
| LOK | |0 939 |a 29-08-24 |b l01 | ||
| OAS | |a 1 | ||
| ORI | |a SA-MARC-ixtheoa001.raw | ||
| REL | |a 1 | ||
| STA | 0 | 0 | |a Creation,Creation,World,Dualism,Dualism,Dualism in art,Gnosis,Gnosis,Gnosticism,Political theology |
| STB | 0 | 0 | |a Création,Création (religion),Dualisme,Dualisme,Gnosticisme,Gnosticisme,Gnose,Gnose,Gnose,Gnose (motif),Gnose,Théologie politique |
| STC | 0 | 0 | |a Creación,Creación,Dualismo,Dualismo,Gnosis,Gnosis,Teología política |
| STD | 0 | 0 | |a Creazione,Creazione,Dualismo,Dualismo,Gnosi,Gnosi,Teologia politica |
| STE | 0 | 0 | |a 二元论,二元论,创造,创造,创世,创世,政治神学,诺斯底主义,灵知派,灵智派 |
| STF | 0 | 0 | |a 二元論,二元論,創造,創造,創世,創世,政治神學,諾斯底主義,靈知派,靈智派 |
| STG | 0 | 0 | |a Criação,Criação,Dualismo,Dualismo,Gnose,Gnose,Teologia política |
| STH | 0 | 0 | |a Гностицизм (мотив),Гностицизм,Дуализм (мотив),Дуализм,Политическое богословие,Сотворение мира (мотив),Сотворение мира |
| STI | 0 | 0 | |a Γνώση (μοτίβο),Γνώση,Δημιουργία (μοτίβο),Δημιουργία,Δυισμός <μοτίβο>,Δυισμός,Δυαδισμός,Δυαδισμός (μοτίβο),Πολιτική θεολογία |
| SUB | |a BIB |a REL | ||
| SYE | 0 | 0 | |a Weltschöpfung,Erschaffung , Doppelung,Dualität , Gnostizismus |
| SYG | 0 | 0 | |a Schmitt, Karl,1888-1985,Dorotić, Carl Schmitt-,1888-1985,Schmitt-Dorotié, Carl,1888-1985,Šmit, Karl,1888-1985,Šmīt, Kārl,1888-1985,Šmitt, Karl,1888-1985,Shumitto,1888-1985,Shumitto, C.,1888-1985,Shi mi te,1888-1985,Shimite,1888-1985,Shumitto, Kāru,1888-1985,Shmiṭ, Ḳarl,1888-1985,Shimite, Ka'er,1888-1985,Dorotić, Carl S.-,1888-1985,Schmitt-Dorotić, Karl,1888-1985,Ka er Shi mi te,1888-1985,Kaer-Shimite,1888-1985,Shimite, Kaer,1888-1985,Schmitt-Dorotić, Carl,1888-1985,Schmitt-Dorotic, Carl,1888-1985 , Doppelung,Dualität |